000 00357nam a22001217a 4500
999 _c9543
_d9543
003 OSt
008 201209b ||||| |||| 00| 0 eng d
245 _aProceedings Mathematical Sciences
250 _a2013(Feb Vol.123 No.1, May Vol.123 No.2, Aug Vol.123 No.3, Nov Vol.123 No.4)
260 _aBengaluru
_bSpringer
650 _aApplied Science
942 _2ddc
_cBV